ბათუმის შოთა რუსთაველის სახელმწიფო უნივერსიტეტის ბიბლიოთეკა

მოთხრობები. (ბიბ.ჩანაწერი № 42875)

000 -LEADER
fixed length control field 00640nam a2200217Ia 4500
001 - CONTROL NUMBER
control field 9583
003 - CONTROL NUMBER IDENTIFIER
control field GE_BSU
008 - FIXED-LENGTH DATA ELEMENTS--GENERAL INFORMATION
fixed length control field 181216s||||||||xx |||||||||||||| ||und||
020 ## - INTERNATIONAL STANDARD BOOK NUMBER
International Standard Book Number 5525003910
040 ## - CATALOGING SOURCE
Transcribing agency GE_BSU
080 ## - UNIVERSAL DECIMAL CLASSIFICATION NUMBER
Universal Decimal Classification number 82-93
100 ## - MAIN ENTRY--PERSONAL NAME
Personal name მგელაძე,ნარგიზა
245 ## - TITLE STATEMENT
Title მოთხრობები.
245 ## - TITLE STATEMENT
Statement of responsibility, etc. რედ. მ.ახვლედიანი.მხატვ.ნ.ჭურღულია
260 ## - PUBLICATION, DISTRIBUTION, ETC.
Place of publication, distribution, etc. თბილისი
260 ## - PUBLICATION, DISTRIBUTION, ETC.
Name of publisher, distributor, etc. ნაკადული
260 ## - PUBLICATION, DISTRIBUTION, ETC.
Date of publication, distribution, etc. 1989
300 ## - PHYSICAL DESCRIPTION
Extent 349გვ.ილ.21სმ.
653 ## - INDEX TERM--UNCONTROLLED
Uncontrolled term მოთხრობები
942 ## - ADDED ENTRY ELEMENTS (KOHA)
Koha item type წიგნი
ეგზემპლარები
Withdrawn status Lost status Damaged status Not for loan Date acquired Barcode Date last seen Price effective from Koha item type
        2018-12-17 32461 2018-12-17 2018-12-17 წიგნი
        2018-12-17 32462 2018-12-17 2018-12-17 წიგნი
        2018-12-17 32463 2018-12-17 2018-12-17 წიგნი
        2018-12-17 32464 2018-12-17 2018-12-17 წიგნი
        2018-12-17 32465 2018-12-17 2018-12-17 წიგნი